Sports Quiz

Random Sports Quiz

Name the Everton Squad 2014 Quiz Stats

 Plays Quiz not verified by Sporcle

Challenge
Share
Tweet
Embed
Score 0/24 Timer 10:00
0 Plays Today
Position Player % Correct
KeeperTim Howard
100%
DefenceLeighton Baines
87.4%
DefenceSeamus Coleman
86.2%
DefencePhil Jagielka
85.1%
KeeperJoel Robles
83.9%
StrikerRomelu Lukaku
82.8%
DefenceJohn Stones
75.9%
DefenceSylvain Distin
73.6%
MidfielderGareth Barry
72.4%
MidfielderKevin Mirallas
71.3%
MidfielderJames McCarthy
70.1%
DefenceTony Hibbert
69%
Position Player % Correct
MidfielderRoss Barkley
66.7%
MidfielderLeon Osman
62.1%
MidfielderSteven Pienaar
59.8%
StrikerSteven Naismith
56.3%
DefenceAntolin Alcaraz
51.7%
MidfielderDarren Gibson
46%
MidfielderAiden Mcgeady
46%
StrikerArouna Kone
44.8%
MidfielderGerard Deulofeu
42.5%
StrikerLacina Traore
29.9%
StrikerMagaye Gueye
14.9%
DefenceBryan Oveido
6.9%

You're not logged in!

Compare scores with friends on all Sporcle quizzes.
OR
Log In

You Might Also Like...

Show Comments

Extras

Created Apr 12, 2014ReportNominate
Tags:2014, Everton, player, squad

Top Quizzes Today


Score Distribution

Your Account Isn't Verified!

In order to create a playlist on Sporcle, you need to verify the email address you used during registration. Go to your Sporcle Settings to finish the process.

Report this User

Report this user for behavior that violates our Community Guidelines.

Details: